| LEADER |
01010nam0a2200205 450 |
| 001 |
16847870 |
| 010 |
|
|
|a 978-2-212-55853-1
|b br.
|d 11,9
|
| 100 |
|
|
|a 20150216d2015 u u0frey01 ba
|
| 101 |
0 |
|
|a fre
|
| 102 |
|
|
|a FR
|
| 200 |
0 |
|
|a J'arrête de m'épuiser !
|e comment prévenir le burn-out
|f Marlène Schiappa, Cédric Bruguière
|
| 207 |
|
1 |
|a
|
| 215 |
|
|
|a 1 vol. (X-225 p.)
|c illustrations en noir et blanc
|d 19 x 15 cm
|
| 300 |
|
|
|a Bibliogr.
|
| 330 |
|
|
|a Ce guide propose des outils pratiques pour éviter le burn-out, notamment en apprenant à s'organiser de manière régulière et efficace. Les auteurs, forts de leurs expériences, répondent aux multiples questions sur les ressorts du stress professionnel en s'appuyant sur des exercices et des témoignages.
|
| 700 |
|
0 |
|a Schiappa
|b Marlène
|4 70
|
| 701 |
|
0 |
|a Bruguière
|b Cédric
|4 70
|
| 900 |
|
|
|a Documentaire
|
| 901 |
|
|
|a Accessible au prêt
|
| 995 |
|
|
|a Bibliothèque
|c Bibliothèque
|f 00156007008238
|h 00156007008238
|k 331.256 SCH
|o p
|q a
|r az
|e Bibliothèque
|